| 000 | 01696nkm a2200361 c 4500 | ||
|---|---|---|---|
| 003 | BLK | ||
| 005 | 20180421002022.0 | ||
| 008 | 180412b bul rap|r|||| r0| ||bulo| | ||
| 010 | _aKNG00162822000 | ||
| 040 | _aBLK | ||
| 041 |
_aRUS _cRUS _hENG |
||
| 080 |
_aПриложно изкуство. Художествени занаяти. Интериор. Дизайн. Играчки. Худож. пространствено оформление _b745/749 _x:069 _z745/749:069 |
||
| 080 |
_aХудожествени изделия из слонова кост, рога, кости и др. _b745.55 _x _z745.55 |
||
| 139 |
_aЧукотское и эскимосское искусство _bЧ 95 |
||
| 245 | 1 | 0 |
_aЧукотское и эскимосское искусство _bИз собрания Загорского государственного историко-художественного музея-заповедника |
| 246 | 1 | 1 | _aChukchi and Eskimo Art |
| 257 | _aSUN | ||
| 260 |
_аЛенинград _bХудожник РСФСР _c1981 |
||
| 300 |
_a180 с. _bс ил. _c25 см |
||
| 380 | _a7 | ||
| 500 | _aСписък с ил. - 20 000 тир. | ||
| 650 | 4 |
_aПриложно и декоративно изкуство _9248151 |
|
| 653 | _aприложни изкуства | ||
| 653 | _aдекоративно изкуство | ||
| 653 | _aескимоси | ||
| 653 | _aгравюри | ||
| 653 | _aкости | ||
| 852 | _aЦб Гр А 1656 | ||
| 856 | 4 |
_qpdf _u |
|
| 856 | 4 |
_qpdf _u |
|
| 942 |
_cGRA _n0 |
||
| 944 |
_aCR _c05.07.2014 _l05.07.2014 - от С1,Р / 05.07.2014 _kКамелия_Данева |
||
| 944 |
_aED _c05.07.2014 _l05.07.2014 - от С1,Р / 05.07.2014 _k |
||
| 999 |
_c210166 _d210166 |
||